Les 100 meilleures sélections du monde au football - Statistiques

Statistiques générales
  • Ce quiz a été pris 1 235 fois
  • Le résultat moyen est 64 sur 100
Statistiques - réponses
Hint Réponse % Correct
3 France
100%
2 Argentine
99%
1 Brésil
99%
9 Portugal
96%
14 Allemagne
95%
5 Angleterre
95%
10 Espagne
95%
8 Italie
95%
11 Maroc
95%
4 Belgique
94%
13 Etats-Unis
92%
40 Algérie
91%
6 Pays-Bas
91%
20 Japon
90%
37 Russie
90%
15 Mexique
88%
53 Canada
87%
7 Croatie
87%
23 Suède
87%
27 Australie
86%
80 Chine
86%
19 Senegal
86%
16 Uruguay
86%
48 Irlande
85%
12 Suisse
85%
43 Norvège
83%
30 Tunisie
83%
17 Colombie
82%
22 Pologne
82%
25 Corée du Sud
81%
18 Danemark
81%
26 Ukraine
81%
31 Chili
80%
39 Egypte
80%
67 Afrique du Sud
79%
56 Finlande
79%
44 Turquie
78%
33 Cameroun
77%
51 Grèce
75%
49 Arabie Saoudite
74%
47 Cote d'Ivoire
74%
34 Autriche
73%
36 Hongrie
72%
21 Perou
72%
42 Ecosse
71%
54 Slovaquie
71%
63 Islande
69%
60 Qatar
69%
62 Slovénie
69%
35 Nigeria
68%
46 Paraguay
68%
28 Pays de Galles
68%
73 République démocratique du Congo
67%
52 Roumanie
67%
29 Serbie
67%
41 Equateur
65%
24 Iran
65%
99 République du Congo
65%
32 Costa Rica
64%
58 Ghana
64%
38 République Tchèque
64%
55 Venezuela
64%
45 Mali
60%
71 Bulgarie
59%
82 Bolivie
58%
66 Albanie
57%
92 Luxembourg
56%
61 Panama
55%
68 Irak
53%
76 Israël
53%
57 Bosnie-Herzégovine
51%
59 Irlande du Nord
51%
78 Géorgie
50%
81 Honduras
50%
65 Macédoine du Nord
48%
97 Biélorussie
46%
83 Guinée
44%
79 Gabon
43%
64 Jamaique
43%
69 Monténégro
43%
95 Arménie
39%
90 Syrie
35%
70 Emirats Arabes Unis
34%
96 Vietnam
33%
88 Zambie
33%
100 Liban
31%
50 Burkina Faso
30%
84 Jordanie
29%
91 Benin
27%
75 Oman
27%
74 Salvador
27%
87 Haïti
26%
72 Cap-Vert
25%
77 Ouzbékistan
23%
98 Guinée équatoriale
22%
89 Ouganda
16%
85 Bahrein
15%
93 Palestine
15%
94 Kirghizistan
8%
86 Curaçao
3%
Aucun quiz correspondant
Distribution des résultats
% des personnes avec chaque résultat
Percentile par nombre de réponses
Votre historique - résultats
Vous n’avez pas pris ce quiz